<?xml version="1.0" encoding="UTF-8"?>
<record
    xmlns:xsi="http://www.w3.org/2001/XMLSchema-instance"
    xsi:schemaLocation="http://www.loc.gov/MARC21/slim http://www.loc.gov/standards/marcxml/schema/MARC21slim.xsd"
    xmlns="http://www.loc.gov/MARC21/slim">

  <leader>00391nam a22001457a 4500</leader>
  <controlfield tag="005">20260227104712.0</controlfield>
  <controlfield tag="008">260227b        |||||||| |||| 00| 0 eng d</controlfield>
  <datafield tag="041" ind1=" " ind2=" ">
    <subfield code="a">Eng.</subfield>
  </datafield>
  <datafield tag="100" ind1=" " ind2=" ">
    <subfield code="a">Kulkarni, Pallavi</subfield>
  </datafield>
  <datafield tag="245" ind1=" " ind2=" ">
    <subfield code="a">Cross-Cultural Human Resource and International Relations Sem.- IV ( S.Y.B.B.A. ) </subfield>
  </datafield>
  <datafield tag="250" ind1=" " ind2=" ">
    <subfield code="a">1st ed.</subfield>
  </datafield>
  <datafield tag="260" ind1=" " ind2=" ">
    <subfield code="a">Pune</subfield>
    <subfield code="b">Nirali Books</subfield>
  </datafield>
  <datafield tag="300" ind1=" " ind2=" ">
    <subfield code="a">A.6</subfield>
  </datafield>
  <datafield tag="942" ind1=" " ind2=" ">
    <subfield code="c">BK</subfield>
  </datafield>
  <datafield tag="999" ind1=" " ind2=" ">
    <subfield code="c">370520</subfield>
    <subfield code="d">370520</subfield>
  </datafield>
  <datafield tag="952" ind1=" " ind2=" ">
    <subfield code="0">0</subfield>
    <subfield code="1">0</subfield>
    <subfield code="2">ddc</subfield>
    <subfield code="4">0</subfield>
    <subfield code="7">0</subfield>
    <subfield code="a">SSMM</subfield>
    <subfield code="b">SSMM</subfield>
    <subfield code="d">2026-02-27</subfield>
    <subfield code="e">Nirali</subfield>
    <subfield code="g">130.00</subfield>
    <subfield code="i">P 75710</subfield>
    <subfield code="l">0</subfield>
    <subfield code="p">SSMM-BK-32979</subfield>
    <subfield code="r">2026-02-27 10:48:00</subfield>
    <subfield code="w">2026-02-24</subfield>
    <subfield code="y">BK</subfield>
    <subfield code="z">010032979</subfield>
  </datafield>
  <datafield tag="952" ind1=" " ind2=" ">
    <subfield code="0">0</subfield>
    <subfield code="1">0</subfield>
    <subfield code="2">ddc</subfield>
    <subfield code="4">0</subfield>
    <subfield code="7">0</subfield>
    <subfield code="a">SSMM</subfield>
    <subfield code="b">SSMM</subfield>
    <subfield code="d">2026-02-27</subfield>
    <subfield code="e">Nirali</subfield>
    <subfield code="g">130.00</subfield>
    <subfield code="i">P 75710</subfield>
    <subfield code="l">1</subfield>
    <subfield code="p">SSMM-BK-32980</subfield>
    <subfield code="r">2026-03-05 10:52:36</subfield>
    <subfield code="s">2026-03-02</subfield>
    <subfield code="w">2026-02-24</subfield>
    <subfield code="y">BK</subfield>
    <subfield code="z">010032980</subfield>
  </datafield>
  <datafield tag="952" ind1=" " ind2=" ">
    <subfield code="0">0</subfield>
    <subfield code="1">0</subfield>
    <subfield code="2">ddc</subfield>
    <subfield code="4">0</subfield>
    <subfield code="7">0</subfield>
    <subfield code="a">SSMM</subfield>
    <subfield code="b">SSMM</subfield>
    <subfield code="d">2026-02-27</subfield>
    <subfield code="e">Nirali</subfield>
    <subfield code="g">130.00</subfield>
    <subfield code="i">P 75710</subfield>
    <subfield code="l">0</subfield>
    <subfield code="p">SSMM-BK-32981</subfield>
    <subfield code="r">2026-02-27 10:48:00</subfield>
    <subfield code="w">2026-02-24</subfield>
    <subfield code="y">BK</subfield>
    <subfield code="z">010032981</subfield>
  </datafield>
  <datafield tag="952" ind1=" " ind2=" ">
    <subfield code="0">0</subfield>
    <subfield code="1">0</subfield>
    <subfield code="2">ddc</subfield>
    <subfield code="4">0</subfield>
    <subfield code="7">0</subfield>
    <subfield code="a">SSMM</subfield>
    <subfield code="b">SSMM</subfield>
    <subfield code="d">2026-02-27</subfield>
    <subfield code="e">Nirali</subfield>
    <subfield code="g">130.00</subfield>
    <subfield code="i">P 75710</subfield>
    <subfield code="l">0</subfield>
    <subfield code="p">SSMM-BK-32982</subfield>
    <subfield code="r">2026-02-27 10:48:00</subfield>
    <subfield code="w">2026-02-24</subfield>
    <subfield code="y">BK</subfield>
    <subfield code="z">010032982</subfield>
  </datafield>
  <datafield tag="952" ind1=" " ind2=" ">
    <subfield code="0">0</subfield>
    <subfield code="1">0</subfield>
    <subfield code="2">ddc</subfield>
    <subfield code="4">0</subfield>
    <subfield code="7">0</subfield>
    <subfield code="a">SSMM</subfield>
    <subfield code="b">SSMM</subfield>
    <subfield code="d">2026-02-27</subfield>
    <subfield code="e">Nirali</subfield>
    <subfield code="g">130.00</subfield>
    <subfield code="i">P 75710</subfield>
    <subfield code="l">0</subfield>
    <subfield code="p">SSMM-BK-32983</subfield>
    <subfield code="r">2026-02-27 10:48:00</subfield>
    <subfield code="w">2026-02-24</subfield>
    <subfield code="y">BK</subfield>
    <subfield code="z">010032983</subfield>
  </datafield>
</record>
